000 00219nam a2200109Ia 4500
100 _a#N/A
942 _cBK
245 _aLEGO DIGITAL DESIGNER ; Karoshi game special
260 _b#N/A
546 _aENGLISH
999 _c20065
_d20065